LEADER 01654nas 2200529-a 450 001 996203413903316 005 20231101153904.0 035 $a(OCoLC)51830717 035 $a(CKB)111055183238000 035 $a(CONSER)--2004255029 035 $a(DE-599)ZDB2104147-7 035 $a(EXLCZ)99111055183238000 100 $a20030311a20039999 s-- a 101 0 $aeng 135 $aurcnu|||||||| 181 $ctxt$2rdacontent 182 $cc$2rdamedia 183 $acr$2rdacarrier 200 00$aJournal of cosmology and astroparticle physics 210 $a[Bristol, England] ;$a[Philadelphia] $cInstitute of Physics Pub.$d2003- 300 $aRefereed/Peer-reviewed 300 $a"An IOP and SISSA journal." 311 $a1475-7516 517 1 $aJCAP 531 $aJ. COSMOL. ASTROPART. PHYS 531 $aJOURNAL OF COSMOLOGY & ASTROPARTICLE PHYSICS 531 $aJ COSMOL ASTROPART P 606 $aCosmology$vPeriodicals 606 $aAstrophysics$vPeriodicals 606 $aAstrophysics$2fast$3(OCoLC)fst00819797 606 $aCosmology$2fast$3(OCoLC)fst00880600 606 $aCosmologie$vPériodiques 606 $aAstrophysique$vPériodiques 608 $aPeriodicals.$2fast 615 0$aCosmology 615 0$aAstrophysics 615 7$aAstrophysics. 615 7$aCosmology. 615 6$aCosmologie 615 6$aAstrophysique 676 $a530 712 02$aInstitute of Physics Publishing. 712 02$aInternational School for Advanced Studies (Trieste, Italy) 906 $aJOURNAL 912 $a996203413903316 996 $aJournal of cosmology and astroparticle physics$92092785 997 $aUNISA LEADER 01462nac# 22002411i 450 001 UON00174668 005 20231205103108.199 100 $a20030730d1990 |0itac50 ba 102 $aIT 105 $a|||| ||||| 110 $ab|||||||||| 200 1 $a Biblioteca. Proposte 210 $aNapoli$cLiguori$d1990. 463 1$1001UON00487775$12001 $aEnzo Striano$fFrancesco D'Episcopo$1210 $aNapoli$cLiguori$d1992$1215 $a166 p.$d22 cm. 463 1$1001UON00392313$12001 $aˆGli ‰itinerari d'Europa$fAndrew Borde$ga cura di Maria Palermo Concolato$1205 $aNapoli : Liguori$b1992$1210 $aXCIII$d261 p.$cill. ; 22 cm$1215 $aTesto orig. a fronte. 463 1$1001UON00479204$12001 $aˆLa ‰relazione osservativa$etaccuino su un esercizio di formazione clinica dello psicologo$fSilvana Berardelli$1210 $aNapoli$cLiguori$d1990$1215 $a55 p.$d21 cm. 463 1$1001UON00520437$12001 $aCamorra e criminalità organizzata in Campania$fa cura di Francesco Barbagallo$1210 $aNapoli$cLiguori$d1988$1215 $a209 p.$d22 cm$v26 463 1$1001UON00212305$12001 $aˆLa ‰lingua "sconciata"$eespressionismo ed espressivismo in Vittorio Imbriani$fGabriella Alfieri$1210 $a1a ed$1215 $aNapoli$cLiguori, 1990. 296 p.$d22 cm. 463 1$1001UON00310482$12001 $aˆLa ‰poesia di Moriconi$fFranco Lanza$1210 $aNapoli$cLiguori$d1988$1215 $a158 p.$d22 cm. 801 $aIT$bSOL$c20240220$gRICA 912 $aUON00174668 996 $aBiblioteca$961583 997 $aUNIOR